| 000 | 02354nam0a22003131 4500 | ||
|---|---|---|---|
| 001 | v19\rc\2112515 | ||
| 005 | 20250414143033.0 | ||
| 035 | _a(NLR Aleph) 005182939 | ||
| 090 |
_a5145399 _c5145399 |
||
| 100 | _a20090914d1811 |||y0rusy50 ca | ||
| 101 | 0 | _arus | |
| 102 | _aRU | ||
| 140 | _ay y kb aayaa0000 | ||
| 200 | 1 |
_aНовейший песенник, собранный из лучших ныне употребительных всякаго рода песен, как то: нежных, простонародных, веселых, сатирических, застольных, военных, темничных, святочных, свадебных, малороссийских, цыганских, театральных, пастушеских; _eс присовокуплением арий из 1. 2. 3. 4. части Русалки. _fИждив. м. к. П. Ильина |
|
| 210 |
_aМосква _cв Губернской типографии у А. Решетникова _d1811 |
||
| 215 |
_a[2], X, 252 с. _d12° (18 см) |
||
| 300 | _aЦенз.: Моск. ун-та ценз. ком. | ||
| 316 |
_aЭкз. РНБ (18.131.4.11) в сост. картон. пер., оклеен. бумагой, с ледериновым корешком и уголками. На нижней крышке пер. экслибрис РНБ с шифром. На корешке наклеен фрагмен кожан. корешка первоначал. пер. с блинтовым тиснение с позолотой, красной кожан. наклейкой с вытисн. золотом загл. (позолота почти полностью утрачена) и бумаж. наклейкой. На тит. л., с.33 и 252 круглый штамп ГПБ. _5NLR: 18.131.4.11 |
||
| 321 | 1 | _aСК 1801-1825 5713 | |
| 620 | _aМосква | ||
| 702 | 1 |
_aРешетников _bА. Г. _cиздатель _f18 в.-19 в. _gАндрей Гордеевич _3RU\NLR\AUTH\77104105 _4610 |
|
| 702 | 1 |
_aИльин _bП. А. _gПетр Алексеевич _4160 |
|
| 712 | 0 | 0 |
_aРешетников, _gА. Г., _hтипография _cМосква _3RU\NLR\AUTH\8810035690 _4610 |
| 801 | 0 |
_aRU _bNLR _gpsbo |
|
| 801 | 1 |
_aRU _bProSoft-M _2rusmarc |
|
| 852 |
_aNLR _j18.131.4.11 |
||
| 942 | _cBOOK | ||
| 980 | _aNB | ||